Ambientalismo, género y violencia : (Record no. 185241)
[ view plain ]
| 000 -CABECERA | |
|---|---|
| campo de control de longitud fija | 00824nam a2200241 u 4500 |
| 005 - FECHA Y HORA DE LA ÚLTIMA TRANSACCIÓN | |
| campo de control | 20230202063600.0 |
| 008 - ELEMENTOS DE LONGITUD FIJA--INFORMACIÓN GENERAL | |
| campo de control de longitud fija | 160912s2015 mx r 000 0 spa d |
| 020 ## - NÚMERO INTERNACIONAL NORMALIZADO PARA LIBROS | |
| Número Internacional Estándar del Libro | 9786079423070 (CESOP) |
| 020 ## - NÚMERO INTERNACIONAL NORMALIZADO PARA LIBROS | |
| Número Internacional Estándar del Libro | 9786077112846 (Juan Pablos) |
| 035 ## - NÚMERO DE CONTROL DEL SISTEMA | |
| Número de control de sistema | UPN01000213141 |
| 049 ## - COLECCIÓN | |
| Colección | CG |
| 050 #4 - SIGNATURA TOPOGRÁFICA DE LA BIBLIOTECA DEL CONGRESO | |
| Número de clasificación | HD6077.2 M6 |
| Número de documento/Ítem | P3.2 |
| 100 1# - ASIENTO PRINCIPAL--NOMBRE PERSONAL | |
| Nombre de persona | Paz Paredes, Lorena |
| 9 (RLIN) | 39699 |
| 245 10 - MENCIÓN DE TÍTULO | |
| Título | Ambientalismo, género y violencia : |
| Resto del título | campesinas ecologistas de la Sierra de Petatlán, Guerrero / |
| Mención de responsabilidad, etc. | Lorena Paz Paredes. |
| 260 ## - PUBLICACIÓN, DISTRIBUCIÓN, ETC. | |
| Lugar de publicación, distribución, etc. | México : |
| Nombre del editor, distribuidor, etc. | CESOP, |
| -- | Juan Pablos, |
| Fecha de publicación, distribución, etc. | c2015. |
| 300 ## - DESCRIPCIÓN FÍSICA | |
| Extensión | 165 p. |
| 650 #4 - ASIENTO SECUNDARIO DE MATERIA - TERMINO TEMATICO | |
| Término de materia o nombre geográfico como elemento de entrada | MUJERES EN LA AGRICULTURA - |
| Subdivisión geográfica | MEXICO |
| 9 (RLIN) | 6795 |
| 650 #2 - ASIENTO SECUNDARIO DE MATERIA - TERMINO TEMATICO | |
| Término de materia o nombre geográfico como elemento de entrada | Mujeres campesinas |
| 9 (RLIN) | 17027 |
| 650 #4 - ASIENTO SECUNDARIO DE MATERIA - TERMINO TEMATICO | |
| Término de materia o nombre geográfico como elemento de entrada | Violencia contra las mujeres |
| Subdivisión geográfica | México |
| 9 (RLIN) | 22959 |
| 651 #4 - ASIENTO SECUNDARIO DE MATERIA - NOMBRE GEOGRAFICO | |
| Nombre geográfico | GUERRERO - |
| Subdivisión general | CONDICIONES RURALES |
| 9 (RLIN) | 16269 |
| 905 ## - TIPO DE MATERIAL | |
| Tipo de material | Libro |
| Estado de retiro | Estado de pérdida | Fuente del sistema de clasificación o colocación | Estado dañado | No para préstamo | Código de colección | Localización permanente | Ubicación/localización actual | Ubicación en estantería | Fecha de adquisición | Total de préstamos | Clasificación | Código de barras | Fecha visto por última vez | Fecha del último préstamo | Número de copia | Tipo de ítem Koha |
|---|---|---|---|---|---|---|---|---|---|---|---|---|---|---|---|---|
| Library of Congress Classification | Colección General | Bib. Gregorio Torres Quintero | Bib. Gregorio Torres Quintero | Planta baja | 02/09/2023 | 1 | HD6077.2 M6 P3.2 | 313331 | 10/01/2024 | 02/09/2023 | 1 | Libro | ||||
| Library of Congress Classification | Colección General | Bib. Gregorio Torres Quintero | Bib. Gregorio Torres Quintero | Planta baja | HD6077.2 M6 P3.2 | 313330 | 31/12/2020 | 1 | Libro |
